Fr. Conceicao Rodrigues College of Engineering

Basic microwave techniques and laboratory manual : Short self instructional course (Record no. 25322)

MARC details
000 -LEADER
fixed length control field 00363nam a2200133Ia 4500
100 ## - MAIN ENTRY--PERSONAL NAME
Personal name Sisodia/ML/ Raghuvashi
245 ## - TITLE STATEMENT
Title Basic microwave techniques and laboratory manual : Short self instructional course
260 ## - PUBLICATION, DISTRIBUTION, ETC.
Name of publisher, distributor, etc. WILEY EASTERN LIMITED
Place of publication, distribution, etc. New Delhi
Date of publication, distribution, etc. 1987
300 ## - PHYSICAL DESCRIPTION
Extent 202
546 ## - LANGUAGE NOTE
Language note ENGLISH
654 ## - SUBJECT ADDED ENTRY--FACETED TOPICAL TERMS
Focus term Basic microwave
942 ## - ADDED ENTRY ELEMENTS (KOHA)
Koha item type BOOK
Holdings
Withdrawn status Lost status Damaged status Not for loan Collection Home library Current library Shelving location Date acquired Source of acquisition Cost, normal purchase price Inventory number Total Checkouts Full call number Barcode Date last seen Cost, replacement price Price effective from Koha item type
        CRC Fr. Agnel's C.Rodrigues College of Engineering Fr. Agnel's C.Rodrigues College of Engineering   17/03/2023 Progressive Books 35.00 2012 dt 29.2.92   3516 17/03/2023 35.00 29/02/1992 BOOK